00376cam a22000977a 4500008004000000082001700040100004100057245010200098260006900200300000900269180718b2013 xxu||||| |||| 00| 0 eng d aT39x54 B469d aBhanumurthy, N R and Sharma, Chandan aDoes weak rupee matter for India's manufacturing exports?cBy. N R Bhanumurthy and Chandan Sharma aNew DelhibNational Institute of public finance and policyc2013 a39p.